[Event "CRO-chT3 West"]
[Site "Croatia"]
[Date "2020.09.13"]
[Round "2.3"]
[White "Duda, Daniel1111"]
[Black "Trtanj, Zoran"]
[Result "1-0"]
[WhiteElo "1959"]
[BlackElo "1933"]
[PlyCount "27"]
[EventDate "2020.09.12"]
[EventType "team-tourn"]
[EventRounds "9"]
[EventCountry "CRO"]
[SourceTitle "EXT 2022"]
[Source "ChessBase"]
[SourceDate "2021.10.06"]
[SourceVersion "1"]
[SourceVersionDate "2021.10.06"]
[SourceQuality "1"]
[WhiteTeam "Kraljevica"]
[BlackTeam "Kastav"]
[WhiteTeamCountry "CRO"]
[BlackTeamCountry "CRO"]

1. d4 d5 2. Nf3 Nf6 3. Bf4 c6 4. Nbd2 Na6 5. e3 Nc7 6. Bd3 e6 7. 0-0 Bd6 8. Ne5 0-0 9. Qf3 Nce8 10. h4 Ne4 11. Bxe4 dxe4 12. Nxe4 Bxe5 13. dxe5 Qxh4 14. Bg5 1-0

[Event "CRO-chT3W"]
[Site "Croatia"]
[Date "2016.03.06"]
[Round "2.3"]
[White "Trtanj, Zoran"]
[Black "Sercer, Zoran"]
[Result "0-1"]
[WhiteElo "1935"]
[BlackElo "2082"]
[PlyCount "100"]
[EventDate "2016.03.05"]
[EventType "team-tourn"]
[EventRounds "9"]
[EventCountry "CRO"]
[SourceTitle "CBM 171 Extra"]
[Source "ChessBase"]
[SourceDate "2016.04.26"]
[SourceVersion "1"]
[SourceVersionDate "2016.04.26"]
[SourceQuality "1"]
[WhiteTeam "Rijeka Maestral"]
[BlackTeam "Delnice"]
[WhiteTeamCountry "CRO"]
[BlackTeamCountry "CRO"]

1. d4 d5 2. Nf3 e6 3. c4 Nf6 4. Nc3 Bb4 5. e3 Ne4 6. Bd2 Bxc3 7. Bxc3 Nxc3 8. bxc3 0-0 9. Bd3 dxc4 10. Bxc4 c5 11. 0-0 Nc6 12. Rb1 cxd4 13. exd4 b6 14. Qe2 Bb7 15. Bd3 Qf6 16. Qe4 g6 17. Qe3 Ne7 18. Ne5 Nd5 19. Qe1 Qh4 20. Be4 f6 21. g3 Qh6 22. Ng4 Qg7 23. c4 f5 24. Bg2 fxg4 25. Qxe6+ Qf7 26. cxd5 Rad8 27. Rfd1 Bxd5 28. Bxd5 Rxd5 29. Qxf7+ Rxf7 30. Rb3 Rfd7 31. Rbd3 Kf7 32. Kg2 Ke7 33. f3 gxf3+ 34. Kxf3 Kd6 35. Re3 Rf5+ 36. Kg2 Re7 37. Rxe7 Kxe7 38. Rc1 Kd7 39. Rc3 Kd6 40. Rc8 Rf7 41. Kh3 Kd7 42. Rc2 Kd6 43. Rc8 Rd7 44. Kg4 Kd5 45. Rc1 Re7 46. Rd1 b5 47. Kg5 Rf7 48. g4 a5 49. a3 b4 50. axb4 axb4 0-1

[Event "Pula op 28th"]
[Site "Pula"]
[Date "2014.06.11"]
[Round "6"]
[White "Trtanj, Zoran"]
[Black "Bontempi, Piero"]
[Result "0-1"]
[WhiteElo "1990"]
[BlackElo "2361"]
[PlyCount "54"]
[EventDate "2014.06.07"]
[EventType "swiss"]
[EventRounds "9"]
[EventCountry "CRO"]
[SourceTitle "CBM 160 Extra"]
[Source "ChessBase"]
[SourceDate "2014.07.01"]
[SourceVersion "1"]
[SourceVersionDate "2014.07.01"]
[SourceQuality "1"]

1. Nf3 d5 2. g3 Nf6 3. Bg2 Bf5 4. 0-0 e6 5. d3 h6 6. Nbd2 c5 7. Qe1 Nc6 8. e4 Bh7 9. Qe2 Be7 10. h3 0-0 11. Re1 Nb4 12. Qd1 dxe4 13. dxe4 Nxe4 14. c3 Nxd2 15. cxb4 Ne4 16. Nd2 Nxd2 17. Qxd2 Qc7 18. Qc3 Rac8 19. Bf4 Qb6 20. Rac1 Rfd8 21. Be4 Bxe4 22. Rxe4 Rc6 23. Bxh6 gxh6 24. Rg4+ Bg5 25. b5 Rcd6 26. h4 f5 27. hxg5 fxg4 0-1

[Event "Wch Seniors 23rd"]
[Site "Opatija"]
[Date "2013.11.23"]
[Round "11"]
[White "Singer, Hans"]
[Black "Trtanj, Zoran"]
[Result "1-0"]
[WhiteElo "2177"]
[BlackElo "1986"]
[PlyCount "67"]
[EventDate "2013.11.12"]
[EventType "swiss"]
[EventRounds "11"]
[EventCountry "CRO"]
[SourceTitle "CBM 157 Extra"]
[Source "ChessBase"]
[SourceDate "2013.12.19"]
[SourceVersion "1"]
[SourceVersionDate "2013.12.19"]
[SourceQuality "1"]

1. d4 Nf6 2. c4 e6 3. Nc3 b6 4. e4 Bb4 5. f3 Ba6 6. Bg5 h6 7. Bh4 g5 8. Bf2 Qe7 9. Bd3 Bxc3+ 10. bxc3 Qa3 11. Qb3 Qe7 12. Ne2 Nc6 13. Qa4 Na5 14. Nc1 0-0 15. Nb3 Nxb3 16. axb3 Bb7 17. 0-0 Nh5 18. Rfe1 Nf4 19. Bf1 f5 20. Qa2 Qf7 21. Qc2 a5 22. g3 Nh5 23. Bg2 f4 24. g4 Nf6 25. c5 b5 26. Bf1 h5 27. h3 c6 28. c4 hxg4 29. hxg4 Qh7 30. Rec1 bxc4 31. bxc4 Rfb8 32. e5 Qxc2 33. Rxc2 Bc8 34. exf6 1-0

[Event "Wch Seniors 23rd"]
[Site "Opatija"]
[Date "2013.11.22"]
[Round "10"]
[White "Trtanj, Zoran"]
[Black "Borensztajn, David"]
[Result "1-0"]
[WhiteElo "1986"]
[BlackElo "1869"]
[PlyCount "67"]
[EventDate "2013.11.12"]
[EventType "swiss"]
[EventRounds "11"]
[EventCountry "CRO"]
[SourceTitle "CBM 157 Extra"]
[Source "ChessBase"]
[SourceDate "2013.12.19"]
[SourceVersion "1"]
[SourceVersionDate "2013.12.19"]
[SourceQuality "1"]

1. Nf3 d5 2. d4 Nf6 3. Bf4 e6 4. e3 c5 5. c3 Nbd7 6. Nbd2 Qb6 7. Rb1 Be7 8. Bd3 Nh5 9. Bg3 Nxg3 10. hxg3 Qc7 11. e4 h6 12. Qe2 dxe4 13. Nxe4 cxd4 14. Nxd4 a6 15. 0-0 Nf6 16. Rbd1 h5 17. Rfe1 h4 18. g4 h3 19. g3 Bd7 20. Kh2 Nd5 21. f4 0-0-0 22. Qf3 Nf6 23. b4 Kb8 24. Nc5 Bxc5 25. bxc5 e5 26. fxe5 Nxg4+ 27. Kh1 Nxe5 28. Rxe5 Qxe5 29. c6 Be8 30. Rb1 Rxd4 31. cxd4 Qd6 32. Rxb7+ Ka8 33. d5 Qa3 34. Qe3 1-0

[Event "Wch Seniors 23rd"]
[Site "Opatija"]
[Date "2013.11.14"]
[Round "3"]
[White "Kummer, Heinz"]
[Black "Trtanj, Zoran"]
[Result "0-1"]
[WhiteElo "1788"]
[BlackElo "1986"]
[PlyCount "62"]
[EventDate "2013.11.12"]
[EventType "swiss"]
[EventRounds "11"]
[EventCountry "CRO"]
[SourceTitle "CBM 157 Extra"]
[Source "ChessBase"]
[SourceDate "2013.12.19"]
[SourceVersion "1"]
[SourceVersionDate "2013.12.19"]
[SourceQuality "1"]

1. e4 c6 2. d4 d5 3. Nc3 dxe4 4. Nxe4 Bf5 5. Ng3 Bg6 6. h4 h6 7. Nf3 Nd7 8. h5 Bh7 9. Bd3 Bxd3 10. Qxd3 e6 11. Bd2 Ngf6 12. Qe2 Be7 13. 0-0 a5 14. Rfe1 0-0 15. Ne5 a4 16. f4 a3 17. b3 Qb6 18. c3 c5 19. Nxd7 Nxd7 20. d5 Bh4 21. Qf3 exd5 22. Re2 Bxg3 23. Qxg3 Nf6 24. Qf3 Rfe8 25. g4 Rxe2 26. Qxe2 Re8 27. Qf3 Ne4 28. Be1 d4 29. Qd3 Qf6 30. cxd4 Qxf4 31. Bd2 Nxd2 0-1

[Event "CRO-chT2 West"]
[Site "Croatia"]
[Date "2010.10.24"]
[Round "9.41"]
[White "Brenc, Tomislav"]
[Black "Trtanj, Zoran"]
[Result "1-0"]
[WhiteElo "2071"]
[BlackElo "2016"]
[PlyCount "41"]
[EventDate "2010.03.27"]
[EventType "team-tourn"]
[EventRounds "9"]
[EventCountry "CRO"]
[SourceTitle "EXT 2012"]
[Source "ChessBase"]
[SourceDate "2011.11.24"]
[SourceVersion "1"]
[SourceVersionDate "2011.11.24"]
[SourceQuality "1"]

1. e4 c6 2. d4 d5 3. e5 Bf5 4. Ne2 e6 5. Ng3 Bg6 6. h4 h6 7. h5 Bh7 8. Bd3 Bxd3 9. cxd3 Bb4+ 10. Nc3 Qa5 11. 0-0 Bxc3 12. bxc3 Ne7 13. Qg4 Rg8 14. Bd2 Nd7 15. f4 Qa4 16. f5 c5 17. fxe6 fxe6 18. Qxe6 cxd4 19. Rf7 0-0-0 20. Rxe7 Kb8 21. Qxd5 1-0

[Event "CRO-chT2 West"]
[Site "Croatia"]
[Date "2010.03.27"]
[Round "1.36"]
[White "Vrhovnik, Damir"]
[Black "Trtanj, Zoran"]
[Result "1-0"]
[WhiteElo "2066"]
[BlackElo "2016"]
[PlyCount "71"]
[EventDate "2010.03.27"]
[EventType "team-tourn"]
[EventRounds "9"]
[EventCountry "CRO"]
[SourceTitle "EXT 2012"]
[Source "ChessBase"]
[SourceDate "2011.11.24"]
[SourceVersion "1"]
[SourceVersionDate "2011.11.24"]
[SourceQuality "1"]

1. Nf3 d5 2. g3 Bg4 3. Bg2 Nd7 4. 0-0 e5 5. d3 Bc5 6. b3 h5 7. c4 Bxf3 8. Bxf3 e4 9. dxe4 Qf6 10. Nc3 Qxc3 11. Rb1 Qf6 12. b4 Bd4 13. h4 dxc4 14. Bg5 Qb6 15. a4 Be5 16. Kg2 Qe6 17. e3 f6 18. Bxh5+ Ke7 19. Bf4 Nh6 20. Qe2 Rag8 21. Bg6 Nf7 22. Bf5 Qc6 23. Rfd1 Nd6 24. b5 Qb6 25. Bxd7 Kxd7 26. Bxe5 fxe5 27. Qg4+ Kd8 28. Rd5 c3 29. a5 Qxa5 30. b6 Qa2 31. Qe6 Qxd5 32. bxc7+ Kxc7 33. Qxd5 Rc8 34. Qxe5 c2 35. Rc1 Kb8 36. Qxd6+ 1-0

[Event "CRO-chT3"]
[Site "Rijeka/Pula"]
[Date "2009.04.05"]
[Round "2"]
[White "Valkovic, Valter"]
[Black "Trtanj, Zoran"]
[Result "0-1"]
[WhiteElo "1762"]
[BlackElo "1996"]
[PlyCount "84"]
[EventDate "2009.04.04"]
[EventType "team-tourn"]
[EventRounds "9"]
[EventCountry "CRO"]
[SourceTitle "EXT 2011"]
[Source "ChessBase"]
[SourceDate "2010.11.26"]
[SourceVersion "1"]
[SourceVersionDate "2010.11.26"]
[SourceQuality "1"]

1. e4 c6 2. d4 d5 3. e5 Bf5 4. Bd3 Bxd3 5. Qxd3 e6 6. Ne2 c5 7. c3 Nc6 8. 0-0 Rc8 9. a3 c4 10. Qg3 g6 11. Nd2 Bh6 12. f4 Nge7 13. Qh3 Bf8 14. g4 h5 15. Ng3 Bg7 16. g5 b5 17. Nf3 h4 18. Ne2 a5 19. Qg4 Nf5 20. Ne1 b4 21. Ng2 Qb6 22. Ne3 Nce7 23. Qf3 Bf8 24. Ng4 Bg7 25. Bd2 Nc6 26. Rab1 Rb8 27. h3 Kd7 28. Kh2 bxa3 29. bxa3 Qxb1 30. Rxb1 Rxb1 31. Ne3 Nxe3 32. Qxe3 Ne7 33. Bc1 Rhb8 34. Qd2 Nf5 35. Qc2 R8b3 36. Qd2 Bf8 37. Qa2 Ng3 38. Nxg3 hxg3+ 39. Kxg3 Rxc1 40. f5 Rbxc3+ 41. Kf4 Rf1+ 42. Kg4 exf5+ 0-1